LEADER 01210nam a2200289 i 4500 001 000000159537 003 CaOOAMICUS 005 20070228000000.0 008 070228s1981 it u000 u ita u 013 $a136900 040 $aSeMil$bita 100 1 $aZweig, Stefan,$d<1881-1942>.$0(OLS)http://semarc/name/7754 240 10$aTriumph und Tragik des Erasmus von Rotterdam.$0(OLS)http://semarc/title/141637 245 10$aErasmo da Rotterdam /$cStefan Zweig ; Traduzione dal tedesco di Lavinia Mazzucchetti. 260 $aMilano :$bRusconi,$c1981. 300 $a179 p., [12] p. di tav. :$bill. ;$c22 cm. 490 0 $aLe vite 500 $aFondo Card. Giovanni Colombo. 600 04$aErasmo : da Rotterdam .$0(OLS)http://semarc/subject/3308 700 1 $aMazzucchetti, Lavinia,$d<1889-1965>.$0(OLS)http://semarc/name/1551 830 3$aLe vite.$0(OLS)http://semarc/title/7309 850 $aSeMil 852 $aSeMil$W1$xVenegono$y1$m1O II 118$j111094$B111094$CSeMilBibl$Z2$F120702 $81 941 1 $a3 961 $aLascito: Colombo Card. Giovanni 996 $6245$aErasmo da Rotterdam$9(OLS)http://semarc/title/141636 996 $6260$aMilano :$bRusconi$9(OLS)http://semarc/publisher/30258 LEADER 01212nam a2200277 i 4500 001 000000192409 003 CaOOAMICUS 005 20150804000000.0 008 150804s1934 it u000 u ita u 013 $a170988 040 $aSeMil$bita 100 1 $aAlfieri, Vittorio,$d<1749-1803>.$0(OLS)http://semarc/name/1242 245 10$aVita di Vittorio Alfieri scritta da esso :$bridotta ad uso della gioventù /$cVittorio Alfieri ; con una introduzione di Luigi Ambrosini. 250 $a7. rist. 260 $aTorino [etc.] :$bParavia,$c1934. 300 $aVII, 250 p. ;$c20 cm. 500 $aFondo card. Giovanni Colombo. 650 4$aAutobiografie.$0(OLS)http://semarc/subject/2396 650 4$aAlfieri, Vittorio <1749-1803> - Opere.$0(OLS)http://semarc/subject/2182 700 1 $aAmbrosini, Luigi.$0(OLS)http://semarc/name/35011 850 $aSeMil 852 $aSeMil$W1$xVenegono$y1$m3GC VI 324$j142984$B142984$CSeMilBibl$Z2$F154358 $8B 941 1 $a3 961 $aLascito: Colombo Card. Giovanni 996 $6245$aVita di Vittorio Alfieri scritta da esso :$bridotta ad uso della gioventù$9(OLS)http://semarc/title/277315 996 $6260$aTorino [etc.] :$bParavia$9(OLS)http://semarc/publisher/34343